00534nam a2200193 i 4500001001100000003000500011005001700016008004100033040002500074100002800099245003700127264005500164300002500219336002100244337002500265338002300290942001000313999001700323C2-0294873PPAK20180728030531.0090226s1972 my |||| ||||| | eng d aPPAKbengcPPAKerda1 aW.R., Stanton, eauthor10aWaste Recovery By Microorganisms 1aKuala Lumpur : bDewan Bahasa dan Pustaka , c1972 a221 pages ; c26 cm. 2rdacontentatext 2rdamediaaunmediated 2rdacarrieravolume ddccB c99477d99477